| 000 | 00372 a2200157 4500 | ||
|---|---|---|---|
| 020 | _a8130706083 | ||
| 022 | _a9798130706084 | ||
| 082 | _a410 | ||
| 090 |
_c1486 _d1486 |
||
| 100 | _aBarber,C.L. | ||
| 245 |
_aThe Story of Language _cC.L.Barber |
||
| 260 |
_aNew Delhi _bCosmo Publications _c2007 |
||
| 300 | _a264p | ||
| 500 | _aHard cover | ||
| 942 |
_aNBS _cBK _k410 BAR |
||
| 999 |
_c344005 _d344005 |
||